Piers Plowman with sir Gawain and the Green Knight, Pearl and Sir Orfeo (anon)

Saved in:
Bibliographic Details
Main Author: WILLIAM LANGLAND
Format: Book
Language:Undetermined
Published: London Everyman's library 1999
Subjects:
Tags: Add Tag
No Tags, Be the first to tag this record!
Institutions: Trung tâm Học liệu Trường Đại học Cần Thơ
LEADER 00501nam a2200169Ia 4500
001 CTU_47249
008 210402s9999 xx 000 0 und d
082 |a 821 
082 |b L282/1999 
100 |a WILLIAM LANGLAND 
245 0 |a Piers Plowman with sir Gawain and the Green Knight, Pearl and Sir Orfeo (anon) 
245 0 |c WILLIAM LANGLAND 
260 |a London 
260 |b Everyman's library 
260 |c 1999 
650 |a english poetry 
980 |a Trung tâm Học liệu Trường Đại học Cần Thơ